Statistics for Real Madrid 2018/2019

Click here to take the quiz!

General Stats

  • This quiz has been taken 148 times
  • The average score is 19 of 25

Answer Stats

NRPOSCOUNTRYAnswer% Correct
1BRCosta RicaKeylor Navas
100%
4DFSpainSergio Ramos
99%
11FWWalesGareth Bale
98%
9FWFranceKarim Benzema
98%
10MDCroatiaLuka Modrić
98%
5DFFranceRaphael Varane
97%
8MDGermanyToni Kroos
97%
2DFSpainDani Carvajal
95%
12DFBrazilMarcelo
95%
14MDBrazilCasemiro
94%
6DFSpainNacho
88%
15MDUruguayFede Valverde
85%
28FWBrazilVinicius Junior
85%
25BRBelgiumThibaut Courtois
84%
22MDSpainIsco
80%
20MDSpainMarco Asensio
78%
17FWSpainLucas Vazquez
74%
7FWDominican Republic/SpainMariano Diaz
70%
3DFSpainJesus Vallejo
69%
30BRFranceLuca Zidane
57%
24MDSpainDani Ceballos
56%
19DFSpainAlvaro Odriozola
44%
21MDSpainBrahim Diaz
40%
18MDSpainMarcos Llorente
37%
23DFSpainSergio Reguilon
30%

Score Distribution

Percentile by Number Answered

Percent of People with Each Score

Your Score History

You have not taken this quiz